000 01454cam a22004094i 4500
003 PE-LiUPU
005 20250731173141.0
008 150623s r 000 0 d
035 _a(Sirsi) a27443
040 _aPE-LiUPU
_bspa
_cPE-LiUPU
_erda
082 0 4 _a241.52
_bJ67
_221
100 1 _aJohn, J.,
_eautor.
245 1 0 _aGods's Top Ten /
_cJ. Jhon.
264 1 _aEastbourne :
_bKingsway Publications,
_c1997.
300 _a155 páginas ;
_c18 cm.
336 _atext
_2rdacontent
337 _aunmediated
_2rdamedia
338 _avolume
_2rdacarrier
505 0 _aAcknowledgements. Prefase. The commandments: Ten: You shall not covet. Nine: You shall not give false testimony. Eight: you shall not steal. Seven: You shall not murder. Five: Honour your father and mother.
526 _aSEG42
526 _aSEG41
526 _aSEG40
526 _aSEG39
526 _aP94
526 _aP87
526 _aP86
526 _aP85
526 _aP77
526 _aP76
526 _aP35
650 0 4 _aMeditaciones.
942 _2ddc
_cBOOK
949 _a241.52 J67
_wDEWEY
_c1
_i52727
_lCCODEBUL1
_mBUL
_p1.00
_r0
_sY
_tBOOK
_u2015-06-24
_xTEOLOGIA
_PP35
_0COMPRA
_o.STAFF. Colección General
596 _a1
999 _a241.52 J67
_wDEWEY
_c34584
_i52727
_f2021-11-10
_g4
_lCCODEBUL1
_mBUL
_p1.00
_r0
_sY
_tBOOK
_u2015-6-24
_xTEOLOGIA
_PP35
_0COMPRA
_o.STAFF. Colección General
_d34584
980 _81
_gALBERTO SANCHEZ Responsable de Automatización